[Event "2nd RUS Pupils Summer Girls"]
[Site "Satka RUS"]
[Date "2005.07.01"]
[Round "5"]
[White "Utkina,N"]
[Black "Savina,A"]
[Result "1-0"]
[WhiteElo "1959"]
[BlackElo "1984"]

1.d4 d5 2.c4 e6 3.Nf3 Nf6 4.g3 Be7 5.Bg2 O-O 6.O-O dxc4 7.Ne5 Nc6 8.Nxc6 bxc6
9.Bxc6 Rb8 10.Bg2 Bb7 11.Nc3 Bxg2 12.Kxg2 Qd7 13.e3 c5 14.dxc5 Qc6+ 15.Kg1 Qxc5
16.Qe2 Nd7 17.e4 Qb4 18.Rb1 Rfc8 19.Bd2 Qb6 20.b3 cxb3 21.Rxb3 Qc6 22.Rfb1 Rxb3
23.Rxb3 Nc5 24.Rb1 h6 25.e5 Rd8 26.Nb5 a6 27.Nd6 Bxd6 28.exd6 Qxd6 29.Bb4 Qd5
30.a3 Ne4 31.h4 a5 32.Be1 Qd4 33.Bxa5 Rd5 34.Bb6 Nc3 35.Qc2 Qe5 36.Rf1 g5
37.hxg5 hxg5 38.Be3 Ne4 39.Bc1 Rb5 40.Re1 f5 41.Qc8+ Kf7 42.Qd7+ Kf6 43.Bxg5+ Kg6
44.Qe8+ Kg7 45.Qe7+ Kg6 46.Qf8 Qg7 47.Qe8+ Kxg5 48.Qxb5 Qd4 49.Qe2 Qa4 50.Qe3+ Kg6
51.Kg2 Qc6 52.Qf3 Kf6 53.Rh1  1-0

[Event "6th EICC"]
[Site "Warsaw POL"]
[Date "2005.07.01"]
[Round "13"]
[White "Markus,R"]
[Black "Smirnov,P"]
[Result "1/2-1/2"]
[WhiteElo "2584"]
[BlackElo "2624"]

1.d4 Nf6 2.c4 e6 3.Nf3 d5 4.g3 Be7 5.Bg2 O-O 6.O-O dxc4 7.Qc2 a6 8.a4 Bd7
9.Qxc4 Bc6 10.Bf4 a5  1/2-1/2

[Event "ch-NOR"]
[Site "Sandnes NOR"]
[Date "2005.07.02"]
[Round "1"]
[White "Johannessen,LE"]
[Black "Tallaksen,G"]
[Result "1/2-1/2"]
[WhiteElo "2543"]
[BlackElo "2349"]

1.d4 Nf6 2.c4 e6 3.g3 d5 4.Nf3 Be7 5.Bg2 O-O 6.O-O dxc4 7.Qc2 a6 8.Qxc4 b5
9.Qc2 Bb7 10.Bd2 Ra7 11.Rc1 Be4 12.Qb3 Nbd7 13.Ba5 Qb8 14.Qe3 b4 15.Nbd2 Bd5
16.Nb3 Rc8 17.Ne5 Bxg2 18.Nxd7 Nxd7 19.Kxg2 Qb5 20.Rc2 c5 21.dxc5 Rxc5 22.Nxc5 Bxc5
23.Rxc5 Nxc5 24.Rc1 Qxa5 25.Rxc5 Qd8 26.Qd4 Qb8 27.f3 h6 28.h4 Ra8 29.h5 a5
30.Kf2 Qb7 31.Rxa5 Rxa5 32.Qd8+ Kh7 33.Qxa5 Qe7 34.a3 bxa3 35.bxa3 f5 36.a4 Qf7
37.Kg2 Qxh5 38.Qb5 Qg5 39.a5 h5 40.Qe5 Qd2 41.Kf2 Qb4 42.Qa1 h4 43.a6 Qc5+
44.Kg2 Qc4 45.Kf2 Qc5+ 46.Kg2 Qc4 47.Kf2  1/2-1/2

[Event "6th EICC Qualification"]
[Site "Warsaw POL"]
[Date "2005.07.02"]
[Round "1"]
[White "Gritsak,O"]
[Black "Markus,R"]
[Result "1-0"]
[WhiteElo "2537"]
[BlackElo "2584"]

1.d4 Nf6 2.Nf3 e6 3.g3 d5 4.Bg2 Be7 5.c4 O-O 6.Qc2 c5 7.O-O cxd4 8.Nxd4 Nc6
9.Nxc6 bxc6 10.b3 a5 11.Nc3 Ba6 12.Rd1 Qb8 13.Bf4 Qb7 14.Rab1 Rfd8 15.e4 Rac8
16.exd5 cxd5 17.Qb2 Qb4 18.Bd2 Qa3 19.Qxa3 Bxa3 20.Na4 dxc4 21.Bxa5 Rxd1+
22.Rxd1 cxb3 23.axb3 h5 24.Rd8+ Rxd8 25.Bxd8 Bd3 26.Bf3 Nd5 27.Nb6 Nxb6 28.Bxb6 Bc2
29.Bxh5  1-0

[Event "20th North Sea Cup"]
[Site "Esbjerg DEN"]
[Date "2005.07.03"]
[Round "3"]
[White "Lindestrom,T"]
[Black "Korsholm,A"]
[Result "1-0"]
[WhiteElo "2246"]
[BlackElo "1986"]

1.d4 d5 2.c4 e6 3.Nf3 Be7 4.g3 Nf6 5.Bg2 Nbd7 6.Qc2 O-O 7.O-O a6 8.Rd1 dxc4
9.Qxc4 b5 10.Qc2 Bb7 11.Nc3 Rc8 12.a3 c5 13.dxc5 Bxc5 14.e3 Qc7 15.Bd2 Rfd8
16.Rac1 Nb6 17.Qb3 Nc4 18.Be1 h6 19.Rxd8+ Rxd8 20.Nxb5 axb5 21.Qxb5 Bd5 22.Rxc4 Bxc4
23.Qxc4 Bb6 24.Qxc7 Bxc7 25.Nd4 e5 26.Nb5 Rd1 27.Kf1 Bd8 28.Ke2 Rb1 29.Bc3 e4
30.Nd6 Nd5 31.Bxe4 Nxc3+ 32.bxc3 Ra1 33.Bd5 Bf6 34.c4 Rxa3 35.Nxf7 Kf8 36.Nd6 Ra2+
37.Kf3 Bc3 38.Ne4 Be1 39.h3 Ke7 40.g4 Kd8 41.h4 Ke7 42.g5 hxg5 43.hxg5 Kd8
44.Kg2 Ke7 45.g6 Kf8 46.Kf1 Bb4 47.Ng5 Ke7 48.Ne4 Rc2 49.f4 Ba3 50.Ke1 Rh2
51.Kd1 Bb4 52.f5 Kf8 53.c5 Rh5 54.c6 Ba5 55.Be6 Rh4 56.Nc5 Ke7 57.Na6 Rh1+
58.Kc2 Rh2+ 59.Kb3 Re2 60.Ka4 Bd8 61.c7  1-0

[Event "4th Open"]
[Site "La Fere FRA"]
[Date "2005.07.04"]
[Round "3"]
[White "Simonenko,S"]
[Black "Molet,A"]
[Result "1-0"]
[WhiteElo "2431"]
[BlackElo "2007"]

1.d4 d5 2.Nf3 e6 3.c4 Nf6 4.g3 Be7 5.Bg2 Nbd7 6.O-O O-O 7.Qc2 b6 8.cxd5 exd5
9.Ne5 Nb8 10.Bg5 Bb7 11.Rd1 h6 12.Bxf6 Bxf6 13.Nc3 Na6 14.Qa4 Bxe5 15.dxe5 Nc5
16.Qg4 c6 17.b4 Bc8 18.Qh5 Ne6 19.b5 c5 20.Bxd5  1-0

[Event "2nd RUS Pupils Summer Girls"]
[Site "Satka RUS"]
[Date "2005.07.06"]
[Round "9"]
[White "Meleshko,Ann"]
[Black "Savina,A"]
[Result "1/2-1/2"]
[WhiteElo "2259"]
[BlackElo "1984"]

1.d4 d5 2.c4 e6 3.Nf3 Nf6 4.g3 Be7 5.Bg2 O-O 6.O-O dxc4 7.Ne5 Nc6 8.Nxc6 bxc6
9.Bxc6 Rb8 10.Bg2 Bb7 11.Nc3 Bxg2 12.Kxg2 Qd7 13.Rb1 Rfd8 14.Bf4 Rb7 15.e3 Nd5
16.h4 Rdb8 17.Qc2 Nb4 18.Qe2 Nd3 19.Nd1 Qd5+ 20.Kh2 h6 21.h5 Qf5 22.Ra1 f6
23.g4 Nxf4 24.gxf5 Nxe2 25.Re1 Rxb2 26.Nxb2 Rxb2 27.fxe6 Bb4 28.Reb1 c3 29.Re1 c2
30.Rxe2 c1=Q 31.Rxc1 Rxe2 32.Kg2 Bd6 33.a4 Ra2 34.Rc4 Kf8 35.d5 Rd2 36.e4 Ra2
37.Kf3 Ke7 38.Ke3 Be5 39.Kf3 a5 40.Kg2 Kd8 41.Kf3 Bd6 42.Rc6 Rxa4 43.Ra6 Ke7
44.Ra8 f5 45.exf5 Rf4+ 46.Ke3 a4 47.Rg8 Kf6 48.e7 Rxf5 49.e8=Q Re5+ 50.Qxe5+ Kxe5
51.Rxg7 Kxd5 52.f4 a3 53.Rg2 Kc4 54.Ke4 Kb3 55.Rg3+ Kb4 56.Rg2 c5 57.f5 c4
58.Kd5 Bf8 59.Rg4 a2 60.Rxc4+ Kb3 61.Rc1 Bg7 62.Ke6 a1=Q 63.Rxa1 Bxa1 64.Kf7 Kc4
65.Kg6 Kd5 66.Kxh6 Kd6 67.Kg6 Ke7 68.h6 Kf8 69.h7 Bh8 70.f6 Ke8  1/2-1/2

[Event "25th Ann Champions"]
[Site "Benasque ESP"]
[Date "2005.07.07"]
[Round "2"]
[White "Marin,M"]
[Black "Ubilava,E"]
[Result "1/2-1/2"]
[WhiteElo "2537"]
[BlackElo "2519"]

1.d4 Nf6 2.c4 e6 3.g3 d5 4.Bg2 Be7 5.Nf3 O-O 6.O-O dxc4 7.Qc2 a6 8.Qxc4 b5
9.Qc2 Bb7 10.Bd2 Be4 11.Qc1 Ra7 12.Be3 Nd5 13.Nc3 Nxc3 14.Qxc3 Qd5 15.Ne1 Bxg2
16.Nxg2 Bd6 17.Rfc1 Rd8 18.Rc2 Rb7 19.Qb3 Qf5 20.Rac1 Nd7 21.Bf4 e5 22.Qd5 Rbb8
23.Ne3 Qe6 24.dxe5 Nxe5 25.Qxe6 fxe6 26.b3 a5 27.Kg2 Re8 28.Nf1 h6 29.h4 Rf8
30.Bxe5 Bxe5 31.Nd2 c5 32.e3 c4 33.f4 Bc7 34.Kf3 e5 35.Ne4 exf4 36.exf4 Rbd8
37.bxc4 b4 38.Re1 Rd3+ 39.Re3 Rfd8 40.c5 a4 41.Ke2 R3d4 42.Nd2 Kf8 43.Nf3 Rd1
44.Re4 Rb1 45.Nd4 b3 46.axb3 axb3 47.Rd2 b2 48.Ne6+ Kg8 49.Nxd8 Re1+ 50.Kf2 Rxe4  1/2-1/2

[Event "34th TCh-GRE"]
[Site "Ermioni Argolidas GRE"]
[Date "2005.07.08"]
[Round "6"]
[White "Papaioannou,I"]
[Black "Skalkotas,N"]
[Result "1-0"]
[WhiteElo "2578"]
[BlackElo "2300"]

1.d4 Nf6 2.c4 e6 3.g3 d5 4.Bg2 Be7 5.Nf3 O-O 6.O-O dxc4 7.Qc2 a6 8.a4 Bd7
9.Qxc4 Bc6 10.Bf4 a5 11.Nc3 Na6 12.Rfe1 Bxf3 13.Bxf3 c6 14.e4 Nb4 15.Rad1 Nd7
16.d5 e5 17.dxc6 bxc6 18.Bg4 Nb6 19.Qe2 Qc7 20.Be3 Rfd8 21.h4 Rxd1 22.Rxd1 Rd8
23.b3 h6 24.Rxd8+ Qxd8 25.Nd1 Nc8 26.Bxc8 Qxc8 27.Nb2 Kf8 28.Nc4  1-0

[Event "ch-NOR"]
[Site "Sandnes NOR"]
[Date "2005.07.08"]
[Round "7"]
[White "Groenn,A"]
[Black "Elsness,F"]
[Result "1-0"]
[WhiteElo "2394"]
[BlackElo "2440"]

1.Nf3 Nf6 2.c4 e6 3.g3 d5 4.d4 Be7 5.Bg2 O-O 6.O-O Nbd7 7.Qc2 c6 8.b3 b6
9.Rd1 Ne4 10.Ne5 Nxe5 11.Bxe4 Ng6 12.Bg2 Ba6 13.e4 Rc8 14.Bb2 Qd7 15.Nd2 Bb7
16.h4 Rfd8 17.h5 Nf8 18.Nf3 Qe8 19.Qe2 dxe4 20.Qxe4 f5 21.Qe3 Qxh5 22.Ne5 Qe8
23.Re1 Ba8 24.c5 Bf6 25.Nc4 Rb8 26.Nd6 Qg6 27.Bc3 Be7 28.Nc4 Qe8 29.Rac1 Kh8
30.Ne5 Rbc8 31.Bb2 Bf6 32.Nc4 Rb8 33.Nd6 Qg6 34.Ba3 Be7 35.Nc4 Qe8 36.Ne5 Rbc8
37.Rc2 Bf6 38.Rd2 h6 39.Nc4 Rb8 40.Rdd1 Qd7 41.cxb6 axb6 42.Bd6 Rb7 43.Bxf8 Rxf8
44.Qxe6 Qxe6 45.Rxe6 Rd7 46.Rd2 Rb8 47.d5 cxd5 48.Nxb6 Ra7 49.Bxd5 Bxd5 50.Nxd5 Rd7
51.Re3 Bg5 52.f4 Bf6 53.Kf1 g5 54.Red3 Bg7 55.Ne3 Rxd3 56.Rxd3 gxf4 57.gxf4 Rb4
58.Nd5 Re4 59.a4 Bd4 60.Rg3 Ba1 61.Kg2 Rd4 62.Ne7 Kh7 63.Rf3 Rd2+ 64.Kh3 Ra2
65.Nxf5 Kg6 66.Nd6 Re2 67.a5 Kf6 68.b4 Ke6 69.Rd3 Ra2 70.Nb7 Kf5 71.Kg3 Bf6
72.b5 h5 73.Nd6+ Ke6 74.b6 Bd8 75.Nc4 Ke7 76.Ne5 Rc2 77.Rd7+ Ke8 78.b7 Rb2
79.a6  1-0

[Event "16th Open"]
[Site "Ljubljana SLO"]
[Date "2005.07.10"]
[Round "3"]
[White "Saric,A"]
[Black "Sitnik,I"]
[Result "1/2-1/2"]
[WhiteElo "2469"]
[BlackElo "2303"]

1.d4 d5 2.c4 e6 3.Nf3 Nf6 4.g3 Be7 5.Bg2 O-O 6.O-O c6 7.Qb3 Nbd7 8.Nc3 b6
9.Bf4 Bb7 10.cxd5 Nxd5 11.Nxd5 exd5 12.Rfe1 Re8 13.e4 Nf8 14.exd5 cxd5 15.Ne5 Ne6
16.Be3 Rc8 17.Rac1 Qd6 18.a3 Bf6 19.f4 g6 20.Qd3 Ng7 21.Ng4 Nf5 22.Bf2 Rxe1+
23.Rxe1 Bg7 24.Ne5  1/2-1/2

[Event "Canadian Open"]
[Site "Edmonton CAN"]
[Date "2005.07.11"]
[Round "3"]
[White "McGowan,G"]
[Black "Sandipan,C"]
[Result "1/2-1/2"]
[WhiteElo "2209"]
[BlackElo "2560"]

1.c4 Nf6 2.Nf3 e6 3.g3 d5 4.Bg2 Be7 5.d4 O-O 6.b3 dxc4 7.bxc4 c5 8.O-O cxd4
9.Nxd4 Qc7 10.Qb3 a6 11.Ba3 Bxa3 12.Nxa3 e5 13.Ndc2 Nbd7 14.Rab1 Nc5 15.Qb6 Qe7
16.Ne3 Be6 17.Nd5 Bxd5 18.cxd5 Rfd8 19.d6 Qxd6 20.Qxd6 Rxd6 21.Bxb7 Nxb7
22.Rxb7 Rd2 23.Rfb1 Kf8 24.Nc4 Rxe2 25.Nd6 Rd8 26.Nxf7 Rd7 27.Ng5 Ke7 28.R1b2 Rxb2
29.Rxb2 h6 30.Nf3 e4 31.Ne5 Rd1+ 32.Kg2 Ra1 33.Nc4 Kd7 34.Ne3 a5 35.Nc4 a4
36.Nb6+ Kc6 37.Nxa4 Nd5 38.Rc2+ Kd6 39.Nc3 Nxc3 40.Rxc3 Rxa2 41.h3 Ke5 42.Kf1 g5
43.Rc8 Ra1+ 44.Kg2 Ra6 45.Kf1 Rd6 46.Ke2  1/2-1/2

[Event "Open"]
[Site "Condom FRA"]
[Date "2005.07.12"]
[Round "5"]
[White "Gaubil,O"]
[Black "Saada,J"]
[Result "0-1"]
[WhiteElo "2101"]
[BlackElo "2257"]

1.Nf3 d5 2.d4 Nf6 3.c4 e6 4.g3 Be7 5.Bg2 O-O 6.O-O dxc4 7.Ne5 Nc6 8.Nxc6 bxc6
9.e4 c5 10.Be3 Rb8 11.dxc5 Qxd1 12.Rxd1 Ng4 13.Bd4 e5 14.Bc3 Bxc5 15.Rd2 f5
16.exf5 Nxf2 17.Bd5+ Kh8 18.Kg2 Bxf5 19.g4 Nxg4 20.Na3 Ne3+ 21.Kg3 Bd3 22.Bf3 Rb6
23.Ba5 Rh6 24.Be2 e4 25.h4 Bd6+ 26.Kh3 Bxe2 27.Rxe2 Rf3+  0-1

[Event "Andorra Open"]
[Site "Andorra la Vella AND"]
[Date "2005.07.13"]
[Round "5"]
[White "Fernandez Aguado,E"]
[Black "Fluvia Poyatos,J"]
[Result "0-1"]
[WhiteElo "2356"]
[BlackElo "2458"]

1.d4 Nf6 2.c4 e6 3.g3 d5 4.Nf3 Be7 5.Bg2 O-O 6.O-O dxc4 7.Qc2 a6 8.Qxc4 b5
9.Qc2 Bb7 10.Bf4 Nc6 11.Nbd2 Nxd4 12.Nxd4 Bxg2 13.Nxe6 fxe6 14.Kxg2 c5 15.Rfd1 Qb6
16.Nf3 c4 17.Be5 Nd5 18.Qe4 Rad8 19.a4 Bf6 20.axb5 axb5 21.Kg1 Bxe5 22.Qxe5 Nf6
23.Rd4 Rd5 24.Qe3 e5 25.Rd3 Qxe3 26.Rxe3 e4 27.Ne1 Rd2 28.b3 Nd5 29.Rxe4 cxb3
30.Ra3 b2 31.Rb3 Nc3 32.Reb4 Rd1 33.Rxb2 Rxe1+ 34.Kg2 Nd1 35.Rd2 Rxf2+ 36.Kh3 Rfxe2
37.Rd8+ Re8 38.Rd7 Nc3 39.Rc7  0-1

[Event "Aegean Open"]
[Site "Kirykos GRE"]
[Date "2005.07.14"]
[Round "3"]
[White "Lekic,D"]
[Black "Parginos,V"]
[Result "1-0"]
[WhiteElo "2355"]
[BlackElo "2149"]

1.d4 d5 2.c4 e6 3.Nf3 Nf6 4.g3 Be7 5.Bg2 O-O 6.O-O dxc4 7.Qc2 a6 8.Qxc4 b5
9.Qc2 Bb7 10.Bd2 Be4 11.Qc1 Nd5 12.Ba5 Nb6 13.Nbd2 Bb7 14.Nb3 Nc4 15.Rd1 Qc8
16.Be1 Nd7 17.Qc2 f5 18.Nfd2 Bxg2 19.Kxg2 f4 20.Nxc4 bxc4 21.Qxc4 Nb6 22.Qc6 Nd5
23.Nc5 Bxc5 24.dxc5 a5 25.b3 Ra6 26.Qb5 fxg3 27.hxg3 Kh8 28.e4 e5 29.c6 Nf4+
30.gxf4 Qg4+ 31.Kf1 Qh3+ 32.Ke2 exf4 33.Qxa6 f3+ 34.Kd2  1-0

[Event "Open"]
[Site "Condom FRA"]
[Date "2005.07.15"]
[Round "8"]
[White "Saada,J"]
[Black "David,Vi"]
[Result "1/2-1/2"]
[WhiteElo "2257"]
[BlackElo "2277"]

1.d4 d5 2.c4 e6 3.Nf3 Nf6 4.g3 Be7 5.Bg2 O-O 6.O-O dxc4 7.Qc2 a6 8.Qxc4 b5
9.Qc2 Bb7 10.Bd2 Be4 11.Qc1 Bb7 12.Qc2 Be4 13.Qc1 Bb7 14.Qc2 Be4 15.Qc1 Bb7
16.Qc2 Be4 17.Qc1 Bb7 18.Qc2 Be4 19.Qc1 Bb7 20.Qc2  1/2-1/2

[Event "16th Open"]
[Site "Ljubljana SLO"]
[Date "2005.07.15"]
[Round "9"]
[White "Saric,A"]
[Black "Toth,Al"]
[Result "1/2-1/2"]
[WhiteElo "2469"]
[BlackElo "2262"]

1.d4 d5 2.c4 e6 3.Nf3 Nf6 4.g3 Be7 5.Bg2 O-O 6.O-O dxc4 7.Ne5 Nc6 8.Nxc6 bxc6
9.e3 Nd5 10.Qa4 Nb6 11.Qc2 Rb8 12.Rd1 Qe8 13.Nd2 c5 14.dxc5 Bxc5 15.Nxc4 Nxc4
16.Qxc4 Qb5 17.Qxb5 Rxb5 18.b3 Bb7 19.Bxb7 Rxb7 20.Bb2 Bd6 21.Rac1 Rb5 22.Rd2 Rfb8
23.Rc4 Rb4 24.Rcc2 R4b5 25.Rd4 Ra5 26.Rg4 g6 27.Ba1 f5 28.Rgc4 e5 29.Bc3 Ra6
30.e4 fxe4 31.Bd2 Rb5 32.Kg2 Rd5 33.Rxe4 Kf7 34.Kf3 Ke6 35.Rec4 Rd4 36.Rxd4 exd4
37.Ke4 c5 38.f4 h5 39.h3 Rb6 40.Bc1 a5 41.Bd2 Ra6 42.Rc4 Ra8 43.Ra4 Bc7 44.g4 hxg4
45.hxg4 Rf8 46.Rc4 Bd6 47.Ra4 Bc7 48.Rc4 Bd6 49.Rc1 Rh8 50.f5+ gxf5+ 51.gxf5+ Kf6
52.Rg1 Rh4+ 53.Kd5 Bf4 54.Bxf4 Rxf4 55.Kxc5 Kxf5 56.Rd1 Ke5 57.Kb5 Rf2 58.Ra1 d3
59.Kxa5 Kd4 60.b4 d2 61.b5 Kc5 62.Ka4 Kc4 63.Ka5 Rf8 64.Rd1 Ra8+ 65.Kb6 Rxa2
66.Kc6 Rb2 67.b6  1/2-1/2

[Event "Aegean Open"]
[Site "Kirykos GRE"]
[Date "2005.07.16"]
[Round "5"]
[White "Lekic,D"]
[Black "Makka,E"]
[Result "1-0"]
[WhiteElo "2355"]
[BlackElo "2093"]

1.d4 d5 2.c4 e6 3.Nf3 Nf6 4.g3 Be7 5.Bg2 O-O 6.O-O c6 7.b3 b6 8.Ne5 Bb7 9.Nd2 Nbd7
10.Ndf3 c5 11.dxc5 Nxc5 12.Bb2 Rc8 13.Rc1 dxc4 14.Nxc4 Qxd1 15.Rfxd1 Rfd8
16.Nfe5 Bxg2 17.Kxg2 Nd5 18.Ba3 Bf8 19.Kf3 b5 20.Bxc5 Rxc5 21.Ne3 Rxc1 22.Rxc1 Nxe3
23.Kxe3 g6 24.f4 Bd6 25.Nc6 Rd7 26.Nd4 a6 27.Rc6 Kg7 28.Nf3 a5 29.Ng5 Bf8
30.Ne4 a4 31.g4 h6 32.Nf2 Ra7 33.g5 hxg5 34.fxg5 axb3 35.axb3 Ra3 36.Rc3 b4
37.Rd3 Ra1 38.Kf3 Ra5 39.h4 Rf5+ 40.Kg3 Bc5 41.Ne4 Bb6 42.Rd7 Ra5 43.Rb7 Re5
44.Kf4 Rf5+ 45.Kg4 Ba5 46.Nd6 Rf1 47.Rb8 Rg1+ 48.Kf3 Rb1 49.Rb7 Rxb3+ 50.Kf4 Rh3
51.Kg4 Re3 52.Ra7 Bb6 53.Rxf7+ Kg8 54.Rb7 Bc5 55.Ne8 Re4+ 56.Kf3 Re3+ 57.Kf4 e5+
58.Kg4 Kf8 59.Nf6 Rc3 60.h5 Rc4+ 61.e4 gxh5+ 62.Kxh5 Be7 63.Kg6 Rc3 64.Rb8+  1-0

[Event "ACT Open"]
[Site "Amsterdam NED"]
[Date "2005.07.20"]
[Round "5"]
[White "Monteban,M"]
[Black "Spence,D"]
[Result "1/2-1/2"]
[WhiteElo "2260"]
[BlackElo "2218"]

1.d4 e6 2.c4 Nf6 3.g3 d5 4.Bg2 Be7 5.Nf3 O-O 6.O-O dxc4 7.Qc2 a6 8.Qxc4 b5
9.Qc2 Bb7 10.Bd2 Nc6 11.Rd1 Nxd4 12.Nxd4 Bxg2 13.Ba5 Be4 14.Qxc7 Qxc7 15.Bxc7 Rac8
16.Bf4 Nd5 17.Nd2 Bg6 18.N2f3 Nxf4 19.gxf4 Be4 20.Nd2 Ba8 21.e3 Rc7 22.Rac1 Rfc8
23.Rxc7 Rxc7 24.Kf1 Kf8 25.Ke2 Bd6 26.f3 Ke7 27.Ne4 Bb4 28.a3 Ba5 29.Kd3 Bd5
30.Nd2 Bb6  1/2-1/2

[Event "MTO Open"]
[Site "Biel SUI"]
[Date "2005.07.20"]
[Round "3"]
[White "Potterat,M"]
[Black "Huss,A"]
[Result "0-1"]
[WhiteElo "2189"]
[BlackElo "2329"]

1.d4 Nf6 2.c4 e6 3.g3 d5 4.Bg2 Be7 5.Nf3 O-O 6.O-O Nbd7 7.Qc2 c6 8.b3 b6
9.Bb2 Ba6 10.Nbd2 Rc8 11.e4 c5 12.e5 Ne8 13.Rfd1 cxd4 14.Bxd4 Qc7 15.Rac1 b5
16.Bf1 h6 17.Qb2 dxc4 18.a4 bxa4 19.Nxc4 Qb7 20.Na5 Qxf3 21.Bxa6 a3 22.Qd2 Bg5
23.Bxc8 Bxd2 24.Rxd2 Nc5 25.Bxc5 Qe4 26.Bb7 Qxe5 27.Nc6 Qc7 28.Bxf8 Kxf8
29.Ba6  0-1

[Event "ACT Open"]
[Site "Amsterdam NED"]
[Date "2005.07.24"]
[Round "9"]
[White "Rogers,I"]
[Black "De Boer,Sy"]
[Result "1-0"]
[WhiteElo "2569"]
[BlackElo "2320"]

1.d4 d5 2.c4 e6 3.Nf3 Nf6 4.g3 Be7 5.Bg2 O-O 6.O-O c6 7.Nbd2 Nbd7 8.Qc2 b6
9.Rd1 Bb7 10.e4 Rc8 11.e5 Ne8 12.cxd5 cxd5 13.Qb3 Qc7 14.Nf1 Qc2 15.Qxc2 Rxc2
16.Ne1 Rc8 17.f4 g6 18.Ne3 Ng7 19.g4 f5 20.exf6 Nxf6 21.Nd3 Ne4 22.Nf1 g5
23.fxg5 Nxg5 24.Be3 Ba6 25.Ne5 Nf7 26.Nf3 Rc2 27.Rd2 Rfc8 28.Bf4 Rc1 29.Rxc1 Rxc1
30.Rf2 Ra1 31.a3 Nd6 32.Rc2 Nge8 33.Ng5 Bxg5 34.Bxg5 Bd3 35.Rf2 Kg7 36.h4 h5
37.gxh5 Nf5 38.Kh2 Nxd4 39.h6+ Kg8 40.Ne3 Be4 41.Be7 Bg6 42.Rf4 Re1 43.Rf8+ Kh7
44.Ng4 Nf5 45.Bg5 Bh5 46.Rxe8 Bxg4 47.Bf6 Nxh6 48.Re7+ Kg6 49.Bc3 Re2 50.Rg7+ Kf5
51.Kg3 Re3+ 52.Kf2 Re2+ 53.Kg1 Kf4 54.Bf1 Rc2 55.Bd3  1-0

[Event "ACT Open"]
[Site "Amsterdam NED"]
[Date "2005.07.24"]
[Round "9"]
[White "Huzman,A"]
[Black "Senff,M"]
[Result "1-0"]
[WhiteElo "2577"]
[BlackElo "2467"]

1.d4 d5 2.c4 e6 3.Nf3 Nf6 4.g3 Be7 5.Bg2 O-O 6.O-O dxc4 7.Ne5 Nc6 8.Bxc6 bxc6
9.Nxc6 Qe8 10.Nxe7+ Qxe7 11.Qa4 e5 12.dxe5 Qxe5 13.Qxc4 Be6 14.Qd3 Rad8 15.Qe3 Qa5
16.Qa3 Qh5 17.Nc3 Rfe8 18.f3 Bc4 19.Rf2 a5 20.Bf4 Rd7 21.g4 Qg6 22.Qxa5 h5
23.Qc5 Be6 24.g5 Nd5 25.Nxd5 Rxd5 26.Qc3 Red8 27.h4 f6 28.e4 Rd3 29.Qxc7 fxg5
30.Bxg5 Rf8 31.Raf1 Bxa2 32.Qc2 Qd6 33.Be7 Qg3+ 34.Rg2 Rfxf3 35.Qc8+ Kh7
36.Rxg3 Rxg3+ 37.Kh2  1-0

[Event "MTO Open"]
[Site "Biel SUI"]
[Date "2005.07.26"]
[Round "8"]
[White "Huhndorf,A"]
[Black "Rasch,H"]
[Result "1/2-1/2"]
[WhiteElo "2296"]
[BlackElo "2246"]

1.d4 d5 2.c4 e6 3.Nf3 Nf6 4.g3 Be7 5.Bg2 c6 6.O-O O-O 7.Qc2 Nbd7 8.Nbd2 b6
9.e4 Bb7 10.b3 Rc8 11.Bb2 c5 12.exd5 exd5 13.Nh4 cxd4 14.Bxd4 Ba8 15.Qb2 dxc4
16.Bxa8 Rxa8 17.Nxc4 b5 18.Ne5 Nxe5 19.Bxe5 Qd7 20.Ng2 Rfe8 21.Rad1 Qb7 22.Ne3 Qf3
23.Rd4 Ne4 24.Qc2 Nxf2 25.Qxf2 Qxf2+ 26.Kxf2 Bc5 27.Rd5 Bxe3+ 28.Kxe3 f6
29.Rxb5 Rad8 30.Rf2 Rd7 31.Ke4 fxe5 32.Rxe5 Red8 33.Rc2 Rd4+ 34.Ke3 Rd3+
35.Ke2 R3d7 36.Rec5 Re7+ 37.Kf2 Rdd7 38.Re2 Rf7+ 39.Ke1 h6 40.Re8+ Kh7 41.Rc6 Rd3
42.Ra6 Rd5 43.Ke2 Rd4 44.Ke3 Rd1 45.Ra8 Re7+ 46.Kf3 Rd3+ 47.Kg4 Rd4+ 48.Kh3 Re5
49.R8xa7 Rh5+ 50.Kg2 Rd2+ 51.Kf3 Rhxh2 52.b4 Rd3+ 53.Ke4 Rxg3 54.b5 Rg5 55.a4  1/2-1/2

[Event "MTO Open"]
[Site "Biel SUI"]
[Date "2005.07.29"]
[Round "11"]
[White "Potterat,M"]
[Black "Benkovic,P"]
[Result "1-0"]
[WhiteElo "2189"]
[BlackElo "2431"]

1.d4 d5 2.c4 e6 3.g3 Nf6 4.Bg2 Be7 5.Nf3 O-O 6.O-O Nbd7 7.Qc2 c6 8.b3 b6
9.Rd1 a5 10.Bb2 Ba6 11.Nbd2 Qb8 12.e4 Rc8 13.Rac1 Ra7 14.Qb1 a4 15.Bf1 axb3
16.axb3 dxe4 17.Nxe4 Nxe4 18.Qxe4 Nf6 19.Qc2 h6 20.Bg2 Bb7 21.Ne5 Ra2 22.Ra1 Rxa1
23.Rxa1 Qc7 24.h3 Qb8 25.Qe2 c5 26.Bxb7 Qxb7 27.Qf3 Qxf3 28.Nxf3 Rb8 29.Bc1 Nd7
30.Bf4 Rc8 31.Ra7 Rd8 32.Rb7 cxd4 33.Bc7 Ra8 34.Nxd4 Nf6 35.Bxb6 Kf8 36.Nc6  1-0

[Event "15th ETC Women"]
[Site "Gothenburg SWE"]
[Date "2005.07.30"]
[Round "1"]
[White "Sargac,R"]
[Black "Mkrtchian,L"]
[Result "1/2-1/2"]
[WhiteElo "2242"]
[BlackElo "2447"]

1.d4 d5 2.c4 e6 3.Nf3 Nf6 4.g3 Be7 5.Bg2 O-O 6.Qc2 a6 7.Nbd2 b6 8.O-O Bb7
9.Ne5 Nc6 10.Nxc6 Bxc6 11.Rd1 Bb7 12.b3 Rc8 13.c5 bxc5 14.dxc5 Qe8 15.Nf3 Ne4
16.Be3 Bf6 17.Rac1 Bc6 18.Nd4 Bxd4 19.Rxd4 e5 20.Rdd1 f5 21.f3 Nf6 22.Qxf5 d4
23.Bf2 Ne4 24.Qh3 Nc3 25.Rd2 Rf6 26.g4 Nd5 27.Qg3 Nf4 28.Bf1 Nd5 29.Re1 Nc3
30.Bg2 Ra8 31.e3 d3 32.g5 Rf8 33.Qg4 e4 34.f4 Bd7 35.Qg3 Ne2+ 36.Rexe2 dxe2
37.Rxe2 Bf5 38.Be1 Rd8 39.Rd2 Rxd2 40.Bxd2 Qd7 41.Qe1 Rd8 42.Bc3 Qd1 43.Bf1 Qg4+
44.Qg3 Qxg3+ 45.hxg3 Rd1 46.Kf2 Be6 47.Bxa6 Rc1 48.Bd4 Rc2+ 49.Kg1 Rc1+ 50.Kf2 Rc2+
51.Kg1 Rc1+ 52.Kf2 Rc2+ 53.Kg1 Rc1+  1/2-1/2

[Event "15th ETC Women"]
[Site "Gothenburg SWE"]
[Date "2005.07.30"]
[Round "1"]
[White "Kachiani,K"]
[Black "Seps,M"]
[Result "1-0"]
[WhiteElo "2416"]
[BlackElo "2173"]

1.d4 Nf6 2.c4 e6 3.g3 d5 4.Nf3 Be7 5.Bg2 O-O 6.O-O dxc4 7.Qc2 a6 8.Qxc4 b5
9.Qc2 Bb7 10.Bd2 Be4 11.Qc1 Bb7 12.a3 Nbd7 13.Ba5 Bd6 14.Nbd2 Qc8 15.b4 e5
16.dxe5 Nxe5 17.Nxe5 Bxg2 18.Kxg2 Bxe5 19.Ra2 Bd6 20.Rc2 Qb7+ 21.Kg1 Rac8
22.Nb3 Rfe8 23.Rd1 Ne4 24.f3 Nf6 25.e4 Rcd8 26.Nc5 Qc8 27.Kg2 h5 28.Nd3 Qa8
29.Nf2 Re7 30.Bxc7 Bxc7 31.Rxc7 Rxc7 32.Qxc7 Rc8 33.Qb6 Qc6 34.Rd8+ Kh7 35.Qxc6 Rxc6
36.e5 Ng8 37.Ne4 f6 38.f4 fxe5 39.Ng5+ Kh8 40.fxe5 g6 41.Rd7  1-0

[Event "International"]
[Site "Guelph CAN"]
[Date "2005.07.30"]
[Round "6"]
[White "Kunte,A"]
[Black "Burnett,R"]
[Result "1/2-1/2"]
[WhiteElo "2561"]
[BlackElo "2433"]

1.d4 Nf6 2.c4 e6 3.g3 d5 4.Nf3 Be7 5.Bg2 O-O 6.O-O dxc4 7.Qc2 a6 8.Qxc4 b5
9.Qc2 Bb7 10.Bd2 Ra7 11.Rc1 Be4 12.Qb3 Nbd7 13.Ba5 Qb8 14.Qe3 Ba8 15.b4 Bd6
16.h3 Nd5 17.Qb3 Ne7 18.Qc2 g6 19.Nbd2 Nc6 20.Nb3 Bxb4  1/2-1/2

[Event "It"]
[Site "Charleroi BEL"]
[Date "2005.08.02"]
[Round "5"]
[White "Kengis,E"]
[Black "Brunner,N"]
[Result "1/2-1/2"]
[WhiteElo "2534"]
[BlackElo "2386"]

1.d4 Nf6 2.Nf3 e6 3.g3 d5 4.Bg2 Be7 5.c4 O-O 6.Qc2 c5 7.O-O cxd4 8.Nxd4 Nc6
9.Nxc6 bxc6 10.b3 e5 11.Bb2 Bd6 12.Nc3 Be6 13.Rfd1 Rc8 14.e3 Qe7 15.cxd5 cxd5
16.Qe2 e4 17.Nb5 Bc5 18.h3 Rfd8 19.Rac1 Nd7 20.Rc2 f6 21.Nd4 Bxd4 22.Bxd4 Ne5
23.Bxe5 fxe5 24.Rdc1 Rxc2 25.Rxc2 Qd7 26.Kh2 Bf5 27.Rd2 Qc6 28.Qd1 Bg6 29.h4 h6
30.h5 Bf5 31.g4 Bh7 32.Kg1 Kh8 33.b4 Qc4 34.Bf1 Qc6 35.a4 Bg8 36.b5 Qb6 37.Bg2 Rf8
38.Rc2 Qf6 39.Qe2 Qh4 40.Rc6 Re8 41.Qd1 Rf8 42.Qe2 Re8 43.Qd1 Rf8 44.Qe2  1/2-1/2

[Event "15th ETC"]
[Site "Gothenburg SWE"]
[Date "2005.08.03"]
[Round "5"]
[White "Markus,R"]
[Black "Aronian,L"]
[Result "1/2-1/2"]
[WhiteElo "2591"]
[BlackElo "2724"]

1.d4 Nf6 2.c4 e6 3.Nf3 d5 4.g3 Be7 5.Bg2 O-O 6.O-O dxc4 7.Qc2 a6 8.Qxc4 b5
9.Qc2 Bb7 10.Bd2 Ra7 11.a4 b4 12.Rc1 Be4 13.Qd1 Nbd7 14.Bg5 c5 15.Nbd2 Bd5
16.Qc2 h6 17.Bxf6 Bxf6 18.dxc5 Rc7 19.Nb3 Qa8 20.Ne1 Bxg2 21.Nxg2 Rfc8 22.Qd2 Nxc5
23.Nxc5 Rxc5 24.Rxc5 Rxc5 25.Ne3 Qe4 26.Rc1 Qd4 27.Rc2 Rxc2 28.Qxc2 Qxb2
29.Qxb2 Bxb2 30.Nc4 Bc3 31.Na5 f5 32.Kg2 Kf7 33.Kf3 Kf6 34.Ke3 g5 35.Nb3 Ke5
36.f3 Be1 37.g4 Bc3 38.h3 Be1 39.Na5 h5 40.gxh5 Kf6 41.Nb3 Kg7 42.Nd4 Kh6
43.Nxe6 Kxh5 44.Nd4 f4+ 45.Kd3 Kh4 46.Nb3 Bf2 47.Kc4 Kxh3 48.Kxb4 g4 49.fxg4 Kxg4
50.Kc4  1/2-1/2

[Event "15th ETC"]
[Site "Gothenburg SWE"]
[Date "2005.08.04"]
[Round "6"]
[White "Avrukh,B"]
[Black "Dorfman,J"]
[Result "1/2-1/2"]
[WhiteElo "2652"]
[BlackElo "2592"]

1.d4 Nf6 2.c4 e6 3.g3 d5 4.Nf3 Be7 5.Bg2 O-O 6.O-O dxc4 7.Qc2 a6 8.Qxc4 b5
9.Qc2 Bb7 10.Bd2 Be4 11.Qc1 Qc8 12.Bg5 c5 13.dxc5 Qxc5 14.Nbd2 Bd5 15.Qxc5 Bxc5
16.Bxf6 gxf6 17.Ne1 Bxg2 18.Kxg2 Nd7 19.Nd3 Be7 20.Rfc1 Rfc8 21.a4 Ne5 22.Nxe5  1/2-1/2